000 00572nam a22001577a 4500
003 OSt
005 20150912113447.0
008 150912b xxu||||| |||| 00| 0 eng d
040 _cRUA
082 _aAGR CHE 1997 B018 Or.1
100 _9308
_aCHEAM CHHEANGLIM
245 _aRobber exploitation at chup robber plantation company ការធ្វើអាជីវកម្មលើដំណាំកៅស៊ូ នៅក្រុមហ៊ុនចំការកៅស៊ូជុប
260 _aPhnom Penh
_bRUA
_c1997
300 _a86p.
_bill.
_c29cm.
942 _2ddc
_cAGR
999 _c286
_d286